000 00495nam a22001817a 4500
003 CEME
005 20210628202753.0
008 210125b xxu||||| |||| 00| 0 eng d
020 _a0-12-506940-5
040 _c.
082 _a620.203 MOR
100 _aMorfey, Christopher .L
_961524
245 _aDictionary of acoustics
260 _aNEW YORK
_bACADEMIC PRESS
_c2001
300 _aXVI,430 P
650 _aSOUND - DICTIONARY, ACOUSTICS ENGINEERING - DICTIONARIES
_961525
942 _cBK
_2ddc
999 _c570953
_d570953